• 首页
  • 本馆介绍
  • 公告通知
  • 最新文献
  • 馆藏检索
  • 电子资源
  • 读者导购
  • 参考咨询
  • 我的图书馆
  • 登录
  • 详细信息显示
  • 放入我的书架
  • 预约/预借图书
  • 作者相关作品
  • 分类相关作品
  • 丛书相关作品
  • 出版社相关作品

书目信息

  • 表格格式
  • 工作单格式
  • 卡片格式
题名:
非晶态物理学
    
 
作者: 郭怡诚 , 王震西 主编
分册:  
出版信息: 北京   科学出版社  1984.12
页数: 548页
开本: 20cm
丛书名: 现代物理学丛书
单 册:
中图分类: O4
科图分类:
主题词: 物理学
电子资源:
ISBN:
000 00596nam0 2200217 45
001 0312221749
005 20031222171108.4
010    @dCNY3.20
100    @a20031222d1984 km y0chiy0120 ea
101    @achi
105    @a z 000yy
200 1  @a非晶态物理学@AFei Jing Tai Wu Li Xue@f郭怡诚,王震西主编@FGuo Yi Cheng,Wang Zhen Xi Zhu Bian
210    @a北京@c科学出版社@d1984.12
215    @a548页@d20cm
225 2  @a现代物理学丛书
606 0  @a物理学
690    @aO4@v3
701 0  @a郭怡诚@4主编
701 0  @a王震西@4主编
801    @aCN@bTSTCL@c20031222
905    @a213230@dO4@e107@b126618@f1
    
    非晶态物理学/郭怡诚,王震西主编.-北京:科学出版社,1984.12
    548页;20cm.-(现代物理学丛书)
    
    
    ISBN :CNY3.20
    
●
相关链接 在E读中查询图书 在五车中查询图书 在当当中查询图书 在豆瓣中查询图书


正题名:非晶态物理学     索取号:O4/107         预约/预借

序号 登录号 条形码 馆藏地/架位号 状态 备注
1 0126618   000391864   第三借阅区/ [索取号:O4/107] 在馆    
2 0126619   202098755   第二样本阅览室/ [索取号:O4/107] 在馆    
唐山师范学院图书馆 欢迎您!
大连网信软件有限公司© 版权所有